| 000 -LEADER |
| fixed length control field |
01751cam a2200433 a 4500 |
| 001 - CONTROL NUMBER |
| control field |
15471783 |
| 003 - CONTROL NUMBER IDENTIFIER |
| control field |
NUST |
| 005 - DATE AND TIME OF LATEST TRANSACTION |
| control field |
20220509155514.0 |
| 008 - FIXED-LENGTH DATA ELEMENTS--GENERAL INFORMATION |
| fixed length control field |
081001s2009 nyu 000 1 eng |
| 010 ## - LIBRARY OF CONGRESS CONTROL NUMBER |
| LC control number |
2008042858 |
| 020 ## - INTERNATIONAL STANDARD BOOK NUMBER |
| International Standard Book Number |
9780312544355 |
| 020 ## - INTERNATIONAL STANDARD BOOK NUMBER |
| International Standard Book Number |
0312544359 |
| 035 ## - SYSTEM CONTROL NUMBER |
| System control number |
(OCoLC)ocn243544949 |
| 038 ## - RECORD CONTENT LICENSOR |
| Staff Name |
waseem |
| 040 ## - CATALOGING SOURCE |
| Original cataloging agency |
DLC |
| Transcribing agency |
DLC |
| Modifying agency |
BTCTA |
| -- |
BAKER |
| -- |
YDXCP |
| -- |
C#P |
| -- |
BWX |
| -- |
CDX |
| -- |
DLC |
| 043 ## - GEOGRAPHIC AREA CODE |
| Geographic area code |
e-gx--- |
| 050 00 - LIBRARY OF CONGRESS CALL NUMBER |
| Classification number |
PR6107.R4447 |
| Item number |
V57 2009 |
| 082 00 - DEWEY DECIMAL CLASSIFICATION NUMBER |
| Classification number |
823.92 |
| Author Mark |
GRE |
| 100 1# - MAIN ENTRY--PERSONAL NAME |
| Personal name |
Gregorio, Michael. |
| 9 (RLIN) |
91408 |
| 245 12 - TITLE STATEMENT |
| Title |
A visible darkness / |
| Statement of responsibility, etc. |
Michael Gregorio. |
| 250 ## - EDITION STATEMENT |
| Edition statement |
1st ed. |
| 260 ## - PUBLICATION, DISTRIBUTION, ETC. |
| Place of publication, distribution, etc. |
New York : |
| Name of publisher, distributor, etc. |
Minotaur Books, |
| Date of publication, distribution, etc. |
2009. |
| 300 ## - PHYSICAL DESCRIPTION |
| Extent |
452 p. ; |
| Dimensions |
22 cm. |
| 563 ## - BINDING INFORMATION |
| Binding note |
HBK. |
| 650 #0 - SUBJECT ADDED ENTRY--TOPICAL TERM |
| Topical term or geographic name entry element |
Stiffeniis, Hanno (Fictitious character) |
| Form subdivision |
Fiction. |
| 9 (RLIN) |
91409 |
| 650 #0 - SUBJECT ADDED ENTRY--TOPICAL TERM |
| Topical term or geographic name entry element |
Police magistrates |
| Geographic subdivision |
Germany |
| -- |
Prussia |
| Form subdivision |
Fiction. |
| 9 (RLIN) |
91410 |
| 650 #0 - SUBJECT ADDED ENTRY--TOPICAL TERM |
| Topical term or geographic name entry element |
Murder |
| General subdivision |
Investigation |
| Form subdivision |
Fiction. |
| 9 (RLIN) |
8002 |
| 650 #0 - SUBJECT ADDED ENTRY--TOPICAL TERM |
| Topical term or geographic name entry element |
Amber |
| General subdivision |
Collectors and collecting |
| Form subdivision |
Fiction. |
| 9 (RLIN) |
91411 |
| 650 #0 - SUBJECT ADDED ENTRY--TOPICAL TERM |
| Topical term or geographic name entry element |
Napoleonic Wars, 1800-1815 |
| General subdivision |
Campaigns |
| Geographic subdivision |
Germany |
| -- |
Prussia |
| Form subdivision |
Fiction. |
| 9 (RLIN) |
91412 |
| 651 #0 - SUBJECT ADDED ENTRY--GEOGRAPHIC NAME |
| Geographic name |
Prussia (Germany) |
| General subdivision |
History |
| Chronological subdivision |
1806-1815 |
| Form subdivision |
Fiction. |
| 9 (RLIN) |
91413 |
| 655 #7 - INDEX TERM--GENRE/FORM |
| Genre/form data or focus term |
Mystery fiction. |
| Source of term |
gsafd |
| 655 #7 - INDEX TERM--GENRE/FORM |
| Genre/form data or focus term |
Historical fiction. |
| Source of term |
gsafd |
| 856 42 - ELECTRONIC LOCATION AND ACCESS |
| Materials specified |
Contributor biographical information |
| Uniform Resource Identifier |
<a href="http://www.loc.gov/catdir/enhancements/fy0905/2008042858-b.html">http://www.loc.gov/catdir/enhancements/fy0905/2008042858-b.html</a> |
| 856 42 - ELECTRONIC LOCATION AND ACCESS |
| Materials specified |
Publisher description |
| Uniform Resource Identifier |
<a href="http://www.loc.gov/catdir/enhancements/fy0905/2008042858-d.html">http://www.loc.gov/catdir/enhancements/fy0905/2008042858-d.html</a> |
| 856 41 - ELECTRONIC LOCATION AND ACCESS |
| Materials specified |
Sample text |
| Uniform Resource Identifier |
<a href="http://www.loc.gov/catdir/enhancements/fy0912/2008042858-s.html">http://www.loc.gov/catdir/enhancements/fy0912/2008042858-s.html</a> |
| 906 ## - LOCAL DATA ELEMENT F, LDF (RLIN) |
| a |
7 |
| b |
cbc |
| c |
orignew |
| d |
1 |
| e |
ecip |
| f |
20 |
| g |
y-gencatlg |
| 942 ## - ADDED ENTRY ELEMENTS (KOHA) |
| Source of classification or shelving scheme |
|
| Koha item type |
Book |